Suara : kumpulan cerpen

Bibliographic Details
Main Author: Mohd. Kasim Mahmud
Format: Book
Published: Johor : Dewan Bahasa dan Pustaka Wilayah Selatan , 2003
Subjects:

MARC

LEADER 00000cam a2200000 7i4500
001 0000015025
005 20080312.0
008 071112
020 |a 9836275576 
090 0 0 |a MOH   |b MAL 
100 0 |a Mohd. Kasim Mahmud 
245 1 0 |a Suara :   |b kumpulan cerpen   |c Mohd. Kasim Mahmud 
260 |a Johor :   |b Dewan Bahasa dan Pustaka Wilayah Selatan ,   |c 2003 
650 0 |a Malay fiction 
650 0 |a Short stories, Malay 
999 |a 0001016420   |b Book   |c Adult Collection   |e Perbadanan Perpustakaan Awam Johor